Представление документа в формате MARC21

Поле Инд. ПП Название Значение
Тип записи a
Библиографический уровень b
001 Контрольный номер RU/IS/BASE/308418146
005 Дата корректировки 20220323142507.8
008 Кодируемые данные 20091009
040 b Код языка каталог. rus
e Правила каталог. PSBO
041 0_ a Код языка текста rus
084 a Индекс другой классификации/Индекс ББК 67г(2Рос)в6
100 1_ a Автор Полянский П. Л.
245 10 a Заглавие О книге Н. С. Нижник "Правовое регулирование семейно-брачных отношений в русской истории" (критические заметки)
504 a Библиография Подстроч. примеч. и библиогр.
520 0_ a Аннотация Автор статьи делает критический разбор работы, указывая на многие неточности в обращении к историческим источникам, высказывая ряд замечаний относительно методических подходов к исследованию
600 14 a Персоналии Нижник Надежда Степановна
650 04 a Основная рубрика право
653 0_ a Ключевые слова "Правовое регулирование семейно-брачных отношений в русской истории"
a Ключевые слова историко-правовые исследования
a Ключевые слова история права
a Ключевые слова правоведение
a Ключевые слова Россия
a Ключевые слова семейное право
773 08 t Заглавие источника Вестник Московского университета. Серия 11, Право
d Дата издания источника 2009
g Прочая информация № 1. - С. 55 - 69
w Контрольный № источника RU/IS/BASE/299591405
901 t Тип документа b